| 000 | 01803nam0a2200373 i 4500 | ||
|---|---|---|---|
| 001 | RU\NLR\bibl\2084158 | ||
| 005 | 20241101005149.0 | ||
| 010 |
_a9785895467077 _9500 |
||
| 021 |
_aRU _b2013-75507 _95188 |
||
| 035 | _a(nilc)RuMoRGB-006669660 | ||
| 035 | _a(NLR Aleph) 002074308 | ||
| 090 |
_a4788013 _c4788013 |
||
| 100 | _a20130919d2013 km y0rusy50 ca | ||
| 101 | 0 | _arus | |
| 102 | _aRU | ||
| 105 | _aa|||z|||000yy | ||
| 200 | 1 |
_aПовышение эффективности предоставления жилищных и коммунальных услуг в России _fС. А. Кирсанов, С. П. Кюрджиев, В. И. Хрипун |
|
| 210 |
_aРостов-на-Дону _cИзд-во ЮРИФ РАНХиГС _d2013 |
||
| 215 |
_a279 с. _cил. _d20 |
||
| 300 | _aНа 4-й с. обл. авт.: Кирсанов С.А., к.э.н., доц., Кюрджиев С.П., д.э.н., проф., Хрипун В.И., проф., к.э.н. | ||
| 320 | _aБиблиогр.: с. 244-251 (120 назв.) и в подстроч. примеч. | ||
| 606 | 1 |
_aЖилищное хозяйство _xУправление _yРоссийская Федерация _92242804 _3RU\NLR\AUTH\661345696 |
|
| 686 | 1 | _aУ44(2)1-21(2Р) | |
| 700 | 1 |
_aКирсанов _bС. А. _cканд. экон. наук _f1960- _gСергей Алексеевич _9141558 _3RU\NLR\AUTH\770141594 |
|
| 701 | 1 |
_aКюрджиев _bС. П. _gСергей Пантелеевич |
|
| 701 | 1 |
_aХрипун _bВ. И. _gВалерий Иванович |
|
| 801 | 0 |
_aRU _bRuMoRKP _c20130919 _gRCR |
|
| 801 | 2 |
_aRU _bРГБ _c20131003 _grcr |
|
| 801 | 1 |
_aRU _bRuMoRKP _c20130919 _2rusmarc |
|
| 801 | 2 |
_aRU _bNLR _c20131021 _grcr |
|
| 942 | _cBOOK | ||
| 980 | _aNBR | ||